<?xml version="1.0" encoding="UTF-8"?>
<collection xmlns="http://www.loc.gov/MARC21/slim">
<record>
  <controlfield tag="001">97880</controlfield>
  <controlfield tag="005">20201029171008.0</controlfield>
  <datafield tag="024" ind1="7" ind2=" ">
    <subfield code="2">EXP:(DE-588)</subfield>
    <subfield code="a">EXP:(DE-588)4398783-7</subfield>
  </datafield>
  <datafield tag="035" ind1=" " ind2=" ">
    <subfield code="a">EXP:(DE-588)4398783-7</subfield>
  </datafield>
  <datafield tag="150" ind1=" " ind2=" ">
    <subfield code="a">Large Hadron Collider</subfield>
  </datafield>
  <datafield tag="856" ind1="4" ind2=" ">
    <subfield code="y">Homepage</subfield>
    <subfield code="u">http://www.lhc-facts.ch/</subfield>
  </datafield>
  <datafield tag="909" ind1="C" ind2="O">
    <subfield code="o">oai:juser.fz-juelich.de:189684</subfield>
    <subfield code="p">authority:Experiment</subfield>
    <subfield code="p">authority</subfield>
  </datafield>
  <datafield tag="980" ind1=" " ind2=" ">
    <subfield code="a">EXPERIMENT</subfield>
  </datafield>
  <datafield tag="980" ind1=" " ind2=" ">
    <subfield code="a">AUTHORITY</subfield>
  </datafield>
  <datafield tag="510" ind1="1" ind2=" ">
    <subfield code="a">CERN</subfield>
    <subfield code="0">I:(DE-588b)4069901-8</subfield>
  </datafield>
  <datafield tag="450" ind1=" " ind2=" ">
    <subfield code="a">LHC</subfield>
    <subfield code="w">d</subfield>
  </datafield>
  <datafield tag="750" ind1=" " ind2="7">
    <subfield code="a">Facility</subfield>
    <subfield code="0">V:(DE-HGF)4</subfield>
    <subfield code="2">V:(DE-HGF)</subfield>
  </datafield>
  <datafield tag="751" ind1=" " ind2="7">
    <subfield code="2">DE-HGF</subfield>
    <subfield code="a">IGN_4_I:(DE-H253)HAS-User-20120731 [DESY]</subfield>
  </datafield>
  <datafield tag="751" ind1=" " ind2="7">
    <subfield code="2">DE-HGF</subfield>
    <subfield code="a">IGN_4_IMPULSE</subfield>
  </datafield>
  <datafield tag="751" ind1=" " ind2="7">
    <subfield code="2">DE-HGF</subfield>
    <subfield code="a">IGN_4_DZNE [DZNE]</subfield>
  </datafield>
  <datafield tag="751" ind1=" " ind2="7">
    <subfield code="a">IGN_4_GSI [GSI]</subfield>
    <subfield code="2">DE-HGF</subfield>
  </datafield>
  <datafield tag="909" ind1="C" ind2="O">
    <subfield code="o">oai:juser.fz-juelich.de:189684</subfield>
  </datafield>
</record>
</collection>